[Event "España ch Universitario 2007"]
[Site "Cartagena ESP"]
[Date "2007.05.08"]
[Round "3.34"]
[White "Dougan Maho, Harold"]
[Black "Iza Abete, Amaia"]
[Result "1-0"]
[WhiteElo "2232"]
[BlackElo "2044"]
[PlyCount "75"]
[EventDate "2007.05.06"]
[EventType "swiss"]
[EventRounds "9"]
[EventCountry "ESP"]
[Source "lmi"]
[SourceDate "2007.05.06"]

1. e4 e5 2. d4 exd4 3. Nf3 Bb4+ 4. c3 dxc3 5. bxc3 Be7 6. Bc4 d6 7. Qb3 Be6 8.
Bxe6 fxe6 9. Qxe6 Qd7 10. Ng5 Nh6 11. O-O Nc6 12. Na3 O-O-O 13. Qd5 Rde8 14.
Nf3 Ng4 15. Rb1 Bf6 16. Bd2 Nd8 17. Nc4 Qe6 18. Qb5 Qxe4 19. Rb4 Qc6 20. Qa5 a6
21. Nxd6+ Qxd6 22. Rxg4 h5 23. Rc4 Nc6 24. Qa4 g5 25. Bxg5 Bxg5 26. Nxg5 Qd5
27. h4 Re2 28. Rd1 Qf5 29. Rf4 Qe5 30. Nf3 Qxc3 31. Rf7 Qc5 32. Ng5 Rhe8 33.
Qf4 Nd8 34. Rf5 Qb6 35. a4 Qb3 36. Rc1 R2e7 37. Rfc5 Nc6 38. Kh2 1-0

[Event "España ch Universitario 2007"]
[Site "Cartagena ESP"]
[Date "2007.05.08"]
[Round "3.35"]
[White "Vila Callejo, Emma"]
[Black "Tamayo Romay, Francisco Javier"]
[Result "0-1"]
[WhiteElo "2030"]
[BlackElo "2210"]
[PlyCount "77"]
[EventDate "2007.05.06"]
[EventType "swiss"]
[EventRounds "9"]
[EventCountry "ESP"]
[Source "lmi"]
[SourceDate "2007.05.06"]

1. e4 d5 2. exd5 Nf6 3. d4 Bg4 4. f3 Bf5 5. c4 e6 6. dxe6 Nc6 7. Be3 Nb4 8. Na3
Qe7 9. Qb3 Qxe6 10. O-O-O Bd6 11. d5 Qe7 12. Bd4 Nxa2+ 13. Kd2 Bb4+ 14. Bc3
Nxc3 15. bxc3 Bd6 16. g3 O-O 17. Re1 Qd7 18. Bd3 Rfe8 19. Ne2 Bxd3 20. Kxd3
Qf5+ 21. Kd2 Qxf3 22. Nd4 Ne4+ 23. Kc1 Qf2 24. Re2 Qf6 25. Rhe1 Qh6+ 26. Kb2
Nf6 27. Nab5 Rxe2+ 28. Rxe2 Nd7 29. Nf5 Qh5 30. Qc2 Nb6 31. Qe4 Nxc4+ 32. Kb3
Ne5 33. Nbxd6 cxd6 34. Nxd6 f6 35. Re1 Rd8 36. Nxb7 Rb8 37. d6 Qf7+ 38. Kc2
Rxb7 39. Rd1 0-1

[Event "España ch Universitario 2007"]
[Site "Cartagena ESP"]
[Date "2007.05.08"]
[Round "3.36"]
[White "Aymerich Rosell, Pablo"]
[Black "Martinez Fernandez, Silverio"]
[Result "1-0"]
[WhiteElo "2208"]
[BlackElo "2042"]
[PlyCount "105"]
[EventDate "2007.05.06"]
[EventType "swiss"]
[EventRounds "9"]
[EventCountry "ESP"]
[Source "lmi"]
[SourceDate "2007.05.06"]

1. d4 Nf6 2. c4 e6 3. Nc3 Bb4 4. a3 Bxc3+ 5. bxc3 Nc6 6. e3 b6 7. Bd3 Ba6 8. e4
O-O 9. Bg5 h6 10. Bh4 g5 11. Bg3 d6 12. h4 Kg7 13. hxg5 hxg5 14. e5 Rh8 15.
Rxh8 Kxh8 16. exf6 Qxf6 17. Qf3 Qxf3 18. Nxf3 g4 19. Nd2 Kg7 20. Ke2 Rh8 21. c5
Bxd3+ 22. Kxd3 e5 23. cxd6 cxd6 24. Re1 f6 25. Nc4 Kg6 26. dxe5 dxe5 27. Kc2
Rh7 28. Rd1 Rc7 29. Kb2 b5 30. Nd2 f5 31. Bh4 Rh7 32. g3 Rc7 33. Nb3 f4 34.
Rd6+ Kf5 35. Nd2 e4 36. Rf6+ Ke5 37. Rxf4 Na5 38. Rxe4+ Kf5 39. Rf4+ Ke5 40.
Rxg4 Rf7 41. f4+ Kd5 42. Rg5+ Kc6 43. Rg6+ Kd5 44. Rg8 Nb7 45. Nf3 Nd6 46. Rd8
Kc5 47. Ne5 Rb7 48. Rd7 Nc4+ 49. Ka2 Rb8 50. Be7+ Kb6 51. Nxc4+ bxc4 52. f5 Rh8
53. Rd2 1-0

[Event "España ch Universitario 2007"]
[Site "Cartagena ESP"]
[Date "2007.05.08"]
[Round "3.37"]
[White "Jimenez Martinez, Jose Vicente"]
[Black "Arques Lopez, Irene"]
[Result "1-0"]
[WhiteElo "2202"]
[BlackElo "2013"]
[PlyCount "41"]
[EventDate "2007.05.06"]
[EventType "swiss"]
[EventRounds "9"]
[EventCountry "ESP"]
[Source "lmi"]
[SourceDate "2007.05.06"]

1. d4 d5 2. c4 dxc4 3. Nc3 Nf6 4. Nf3 c5 5. e3 cxd4 6. exd4 e6 7. Bxc4 Qc7 8.
Qe2 Be7 9. O-O a6 10. Ne5 O-O 11. Bg5 b5 12. Bb3 Bb7 13. Rac1 Nc6 14. Rfd1 Rfd8
15. Nxf7 Nxd4 16. Rxd4 Rxd4 17. Qxe6 Kf8 18. Nxb5 Qd7 19. Nxd4 Qxd4 20. Nd6 Bd5
21. Qxe7+ 1-0

[Event "España ch Universitario 2007"]
[Site "Cartagena ESP"]
[Date "2007.05.08"]
[Round "3.38"]
[White "Alcaraz Soriano, Angela"]
[Black "Zamarbide Iñarrea, Borja"]
[Result "1/2-1/2"]
[WhiteElo "2007"]
[BlackElo "2202"]
[PlyCount "86"]
[EventDate "2007.05.06"]
[EventType "swiss"]
[EventRounds "9"]
[EventCountry "ESP"]
[Source "lmi"]
[SourceDate "2007.05.06"]

1. d4 e6 2. c4 b6 3. e4 Bb7 4. Nc3 Bb4 5. f3 f5 6. e5 d6 7. Qa4+ Kf7 8. Qxb4
Qh4+ 9. g3 Qxd4 10. exd6 Nf6 11. Nge2 Qd3 12. Nf4 Qd4 13. Nce2 Qe5 14. Nd3 Qxd6
15. Qxd6 cxd6 16. Bg2 Nbd7 17. Be3 d5 18. c5 Ba6 19. Nec1 bxc5 20. Nxc5 Nxc5
21. Bxc5 Rhc8 22. b4 Nd7 23. Nb3 Bc4 24. Kd2 e5 25. Rac1 a5 26. Rc2 a4 27. Nc1
Nxc5 28. bxc5 Kf6 29. Bf1 Rxc5 30. Bxc4 dxc4 31. Ne2 Rd8+ 32. Kc3 Rd3+ 33. Kb4
Rc8 34. f4 e4 35. Nc3 Rb8+ 36. Kxc4 a3 37. Rb1 Rxc3+ 38. Rxc3 Rxb1 39. Rxa3 Rd1
40. Ra6+ Ke7 41. Ra7+ Rd7 42. Ra5 g6 43. a4 Kd6 1/2-1/2

[Event "España ch Universitario 2007"]
[Site "Cartagena ESP"]
[Date "2007.05.08"]
[Round "3.39"]
[White "Iglesias Gascon, Albanta"]
[Black "Villar Nieves, Antonio"]
[Result "0-1"]
[WhiteElo "1997"]
[BlackElo "2183"]
[PlyCount "44"]
[EventDate "2007.05.06"]
[EventType "swiss"]
[EventRounds "9"]
[EventCountry "ESP"]
[Source "lmi"]
[SourceDate "2007.05.06"]

1. d4 f5 2. Nf3 Nf6 3. Bf4 g6 4. e3 Bg7 5. Be2 d6 6. h3 h6 7. c4 Be6 8. Qb3 Qc8
9. Nc3 O-O 10. Nd2 Nbd7 11. Bf3 c6 12. d5 Bf7 13. dxc6 bxc6 14. Qa4 Nc5 15.
Qxc6 Qxc6 16. Bxc6 Rac8 17. Bf3 Nd3+ 18. Ke2 Nxb2 19. Nd5 Rfe8 20. Rac1 e5 21.
Nxf6+ Bxf6 22. Rc2 exf4 0-1

[Event "España ch Universitario 2007"]
[Site "Cartagena ESP"]
[Date "2007.05.08"]
[Round "3.40"]
[White "Perez Felipe, Marcos Adrian"]
[Black "Molina Ballester, Sergio"]
[Result "1-0"]
[WhiteElo "2177"]
[BlackElo "2007"]
[PlyCount "103"]
[EventDate "2007.05.06"]
[EventType "swiss"]
[EventRounds "9"]
[EventCountry "ESP"]
[Source "lmi"]
[SourceDate "2007.05.06"]

1. d4 d5 2. c4 e6 3. Nc3 Nf6 4. cxd5 exd5 5. Bg5 Nbd7 6. e3 c6 7. Bd3 Bd6 8.
Qc2 g6 9. O-O-O O-O 10. h4 Be7 11. Nf3 Re8 12. Rdg1 Nf8 13. Ne5 Ne6 14. g4 Nd7
15. Bxe7 Qxe7 16. h5 Nxe5 17. dxe5 d4 18. Ne4 dxe3 19. Nf6+ Kg7 20. hxg6 Rh8
21. Nh5+ Kf8 22. g7+ Nxg7 23. f4 Qb4 24. Nf6 Ne6 25. Nxh7+ Ke7 26. f5 Nd4 27.
Qg2 Qd2+ 28. Qxd2 exd2+ 29. Kd1 Nf3 30. Rg3 Nxe5 31. Kxd2 Kd6 32. Rh6+ Kc7 33.
Rh5 Bd7 34. Nf6 Rxh5 35. Nxh5 Rd8 36. Kc3 c5 37. Be4 Bc6 38. Nf6 b5 39. Bxc6
b4+ 40. Kc2 Nxc6 41. Re3 Kb6 42. Kc1 a5 43. g5 Nd4 44. Re5 Nf3 45. Rd5 Rh8 46.
g6 fxg6 47. fxg6 Nd4 48. Rxd4 cxd4 49. g7 Rc8+ 50. Kd2 Kc5 51. g8=Q Rxg8 52.
Nxg8 1-0

[Event "España ch Universitario 2007"]
[Site "Cartagena ESP"]
[Date "2007.05.08"]
[Round "3.41"]
[White "Garcia Rodriguez, Victor"]
[Black "Eyo Castro-Rial, Alberto"]
[Result "0-1"]
[WhiteElo "1980"]
[BlackElo "2176"]
[PlyCount "98"]
[EventDate "2007.05.06"]
[EventType "swiss"]
[EventRounds "9"]
[EventCountry "ESP"]
[Source "lmi"]
[SourceDate "2007.05.06"]

1. e4 e6 2. d4 d5 3. Nc3 Nf6 4. e5 Nfd7 5. f4 c5 6. Nf3 Nc6 7. Be3 cxd4 8. Nxd4
Bc5 9. Qd2 a6 10. O-O-O O-O 11. Qf2 Nxd4 12. Bxd4 Qc7 13. Bd3 b5 14. Qh4 g6 15.
Bxc5 Nxc5 16. Rhe1 b4 17. Ne2 a5 18. Ng3 Ba6 19. Bxa6 Rxa6 20. Nh5 f5 21. Nf6+
Kh8 22. Re3 Ne4 23. Nxe4 fxe4 24. Rd2 a4 25. a3 Qc5 26. Rh3 Ra7 27. Qf2 Qxf2
28. Rxf2 bxa3 29. Rxa3 g5 30. g3 gxf4 31. Rxf4 Rxf4 32. gxf4 Kg7 33. Kd2 Kg6
34. Ke3 Rb7 35. b3 axb3 36. Rxb3 Rc7 37. c3 Kf5 38. Ra3 h5 39. Rb3 h4 40. Ra3
Rc6 41. Rb3 Kg4 42. Ra3 Kh3 43. f5 exf5 44. Kf4 Kxh2 45. Kxf5 Kg2 46. e6 e3 47.
e7 Rc8 48. c4 d4 49. Ke4 e2 0-1

[Event "España ch Universitario 2007"]
[Site "Cartagena ESP"]
[Date "2007.05.08"]
[Round "3.42"]
[White "Garcia Mendoza, Francisco"]
[Black "Cabo Alvarez, Christian"]
[Result "1-0"]
[WhiteElo "2171"]
[BlackElo "1975"]
[PlyCount "83"]
[EventDate "2007.05.06"]
[EventType "swiss"]
[EventRounds "9"]
[EventCountry "ESP"]
[Source "lmi"]
[SourceDate "2007.05.06"]

1. e4 e6 2. d4 d5 3. Nc3 Bb4 4. e5 c5 5. a3 Ba5 6. b4 cxd4 7. Nb5 Bc7 8. f4 Bd7
9. Qg4 Ne7 10. Qxg7 Rg8 11. Qxh7 Bxb5 12. Bxb5+ Nbc6 13. Nf3 Qd7 14. Ng5 Rf8
15. Qd3 O-O-O 16. Nh7 f5 17. Nxf8 Rxf8 18. Bb2 a6 19. Bxc6 Nxc6 20. Bxd4 Nxd4
21. Qxd4 Kb8 22. c4 Qg7 23. O-O Rg8 24. g3 dxc4 25. Qxc4 Bb6+ 26. Kh1 Qh6 27.
Qb3 Qh3 28. Qf3 Rh8 29. Qg2 Qg4 30. Rfd1 Qg7 31. Rd6 Bc7 32. Rd3 Rh7 33. Rad1
Qh8 34. a4 Qe8 35. Qa2 Qc6+ 36. Qg2 Qxa4 37. Rb1 Qb5 38. Rdd1 Qe8 39. h3 Qh8
40. Kh2 Qg7 41. b5 axb5 42. Rxb5 1-0

[Event "España ch Universitario 2007"]
[Site "Cartagena ESP"]
[Date "2007.05.08"]
[Round "3.43"]
[White "Gonzalez Merino, Francisco"]
[Black "Sanchez Lopez, Diego"]
[Result "1-0"]
[WhiteElo "2159"]
[BlackElo "1961"]
[PlyCount "93"]
[EventDate "2007.05.06"]
[EventType "swiss"]
[EventRounds "9"]
[EventCountry "ESP"]
[Source "lmi"]
[SourceDate "2007.05.06"]

1. Nf3 g6 2. g3 Bg7 3. Bg2 Nf6 4. O-O O-O 5. d4 d5 6. c4 c6 7. cxd5 cxd5 8. Ne5
Ng4 9. Bf4 Nc6 10. Nxc6 bxc6 11. h3 Nf6 12. Nc3 Nh5 13. Bc1 f5 14. e3 Nf6 15.
Na4 Ne4 16. Qc2 Qe8 17. Bd2 e5 18. Bc3 exd4 19. Bxd4 Bxd4 20. exd4 Qe6 21. Rac1
Ba6 22. Rfe1 Qf6 23. Nc5 Bc8 24. Qd3 Rb8 25. b3 Rb4 26. Red1 Nxc5 27. Rxc5 Re8
28. Qc3 Rb6 29. Bxd5+ cxd5 30. Rxc8 Qf8 31. Rc1 Rbe6 32. Qc5 Rxc8 33. Qxc8 Re1+
34. Kg2 Rxc1 35. Qxc1 Qe7 36. Qe3 Qb7 37. Qe8+ Kg7 38. Qe5+ Kg8 39. Qe6+ Kg7
40. h4 h6 41. h5 gxh5 42. Qxf5 Qb5 43. Qxh5 Qd7 44. f3 Qb5 45. Qe5+ Kg8 46. g4
Kf8 47. Kg3 1-0

[Event "España ch Universitario 2007"]
[Site "Cartagena ESP"]
[Date "2007.05.08"]
[Round "3.44"]
[White "Alcaraz Pacheco, Ivan"]
[Black "Aparicio Garcia, Enrique"]
[Result "1/2-1/2"]
[WhiteElo "1953"]
[BlackElo "2158"]
[PlyCount "66"]
[EventDate "2007.05.06"]
[EventType "swiss"]
[EventRounds "9"]
[EventCountry "ESP"]
[Source "lmi"]
[SourceDate "2007.05.06"]

1. d4 Nf6 2. Bg5 e6 3. Nd2 c5 4. e3 cxd4 5. exd4 Qb6 6. Nc4 Qc7 7. Nf3 b5 8.
Nce5 Nc6 9. Be2 a6 10. Nxc6 Qxc6 11. Ne5 Qc7 12. Bf3 Bb7 13. O-O Be7 14. Re1
O-O 15. Rc1 Rac8 16. c3 Rfd8 17. Qe2 h6 18. Bd2 Qb6 19. b3 Bxf3 20. Qxf3 d6 21.
Ng4 Nxg4 22. Qxg4 Kf8 23. Qe4 d5 24. Qf3 b4 25. Qd3 bxc3 26. Rxc3 Bb4 27. Rcc1
Bxd2 28. Qxd2 Qb5 29. Rxc8 Rxc8 30. Rc1 Qb7 31. Rxc8+ Qxc8 32. Qb4+ Kg8 33. Qc5
Qb7 1/2-1/2

[Event "España ch Universitario 2007"]
[Site "Cartagena ESP"]
[Date "2007.05.08"]
[Round "3.45"]
[White "Ibarra Jerez, Juan Miguel"]
[Black "Torroglosa Miñarro, Juan Jose"]
[Result "1-0"]
[WhiteElo "2152"]
[BlackElo "1941"]
[PlyCount "105"]
[EventDate "2007.05.06"]
[EventType "swiss"]
[EventRounds "9"]
[EventCountry "ESP"]
[Source "lmi"]
[SourceDate "2007.05.06"]

1. e4 c6 2. d4 d5 3. Nc3 dxe4 4. Nxe4 Bf5 5. Ng3 Bg6 6. h4 h6 7. Nf3 Nd7 8. h5
Bh7 9. Bd3 Bxd3 10. Qxd3 Ngf6 11. Bf4 Qa5+ 12. Bd2 Qc7 13. O-O-O O-O-O 14. Ne4
Nxe4 15. Qxe4 Nf6 16. Qe2 e6 17. g3 Bd6 18. Kb1 Nd7 19. c4 c5 20. Bc3 Rhg8 21.
Rd2 a6 22. Rhd1 cxd4 23. Nxd4 Nc5 24. b3 g6 25. hxg6 Rxg6 26. Nf3 Qc6 27. Rd4
Rgg8 28. Kb2 Qb6 29. Ka1 Bc7 30. Qd2 Rxd4 31. Bxd4 Rd8 32. Qe3 Qb4 33. Rd2 Nd7
34. Bc3 Qa3 35. Bb2 Qe7 36. Qxh6 Ba5 37. Rd1 Nc5 38. Rxd8+ Qxd8 39. Qh8 Qxh8
40. Bxh8 Ne4 41. Bd4 Bc7 42. Kb2 Kd7 43. Kc2 f5 44. Nd2 Ng5 45. Be3 Nf7 46. f4
Nh6 47. Bd4 Ng4 48. Nf3 Nh6 49. Kd3 Ba5 50. a3 Ng8 51. b4 Bc7 52. Ke3 Ne7 53.
Bc3 1-0

[Event "España ch Universitario 2007"]
[Site "Cartagena ESP"]
[Date "2007.05.08"]
[Round "3.46"]
[White "Marco Francisco, Miriam"]
[Black "Ivanovich Balsinde, Nicholas"]
[Result "0-1"]
[WhiteElo "1928"]
[BlackElo "2151"]
[PlyCount "50"]
[EventDate "2007.05.06"]
[EventType "swiss"]
[EventRounds "9"]
[EventCountry "ESP"]
[Source "lmi"]
[SourceDate "2007.05.06"]

1. e4 c5 2. Nf3 e6 3. d4 cxd4 4. Nxd4 a6 5. Be3 Qc7 6. a3 Nf6 7. Nc3 b5 8. Bd3
Bb7 9. Bd2 Bc5 10. Nb3 Be7 11. Qe2 Nc6 12. O-O O-O 13. f4 d6 14. Rae1 Nd7 15.
f5 Nde5 16. Qh5 Bf6 17. Re3 g6 18. Rg3 Qe7 19. Bh6 Rfe8 20. Bg5 Bxg5 21. Rxg5
Kh8 22. Qh6 exf5 23. exf5 Nxd3 24. cxd3 Qe3+ 25. Kh1 Qf2 0-1

[Event "España ch Universitario 2007"]
[Site "Cartagena ESP"]
[Date "2007.05.08"]
[Round "3.47"]
[White "Lorente Peñalva, Diego"]
[Black "Ares Campo, Iria"]
[Result "1/2-1/2"]
[WhiteElo "2149"]
[BlackElo "1923"]
[PlyCount "128"]
[EventDate "2007.05.06"]
[EventType "swiss"]
[EventRounds "9"]
[EventCountry "ESP"]
[Source "lmi"]
[SourceDate "2007.05.06"]

1. e4 d5 2. exd5 Nf6 3. Nc3 Nxd5 4. Bc4 c6 5. Qf3 e6 6. Nge2 Nd7 7. Nxd5 cxd5
8. Bb3 Nc5 9. O-O Nxb3 10. axb3 Bd6 11. d4 Qc7 12. Bf4 Bxf4 13. Qxf4 Qxf4 14.
Nxf4 Bd7 15. c4 dxc4 16. bxc4 O-O 17. d5 exd5 18. Nxd5 a6 19. Rfd1 Rad8 20. g3
Rfe8 21. Ra3 Kf8 22. Rad3 Bf5 23. R3d2 Bg4 24. Rc1 Bf3 25. Rd3 Be2 26. Rd4 Bf3
27. Rd3 Be2 28. Rd4 Bf3 29. b4 b5 30. Rf4 Bxd5 31. cxd5 Rxd5 32. Rc6 Rd1+ 33.
Kg2 Ree1 34. Rxa6 g5 35. Rg4 Rd5 36. h4 gxh4 37. Rxh4 h5 38. Rf4 Re7 39. Kh3
Rc7 40. Kh4 Rc1 41. Kh3 Rc4 42. Rxc4 bxc4 43. Rc6 Rd2 44. Kg2 Rc2 45. Rc5 c3
46. Rxh5 Rb2 47. Rc5 c2 48. b5 Rxb5 49. Rxc2 Rb3 50. g4 Ra3 51. f3 Kg7 52. Kg3
Ra1 53. Rc5 Kf6 54. Rf5+ Kg7 55. g5 Ra4 56. f4 Ra1 57. Kg4 Rg1+ 58. Kf3 Ra1 59.
Rc5 Re1 60. Re5 Ra1 61. Re7 Ra3+ 62. Kg4 Ra1 63. Rb7 Rg1+ 64. Kf5 Ra1 1/2-1/2

[Event "España ch Universitario 2007"]
[Site "Cartagena ESP"]
[Date "2007.05.08"]
[Round "3.48"]
[White "Ortiz Fernandez, David"]
[Black "Cardona Cervera, Joaquin"]
[Result "0-1"]
[WhiteElo "1875"]
[BlackElo "2148"]
[PlyCount "108"]
[EventDate "2007.05.06"]
[EventType "swiss"]
[EventRounds "9"]
[EventCountry "ESP"]
[Source "lmi"]
[SourceDate "2007.05.06"]

1. e4 Nf6 2. e5 Nd5 3. d4 d6 4. Nf3 Nc6 5. c4 Nb6 6. exd6 exd6 7. Nc3 Bf5 8.
Bd3 Bxd3 9. Qxd3 Nb4 10. Qf5 Qd7 11. Qe4+ Qe7 12. O-O Qxe4 13. Nxe4 Nxc4 14. b3
Nb6 15. Bd2 Nc6 16. Rfe1 Be7 17. Nc3 Kd7 18. Re2 Bf6 19. Be3 Rhe8 20. Rae1 Re7
21. g4 g6 22. Rc1 Nb4 23. Nd2 N6d5 24. Nde4 Bg7 25. a3 Nxc3 26. Nxc3 Nc6 27.
Nd5 Re4 28. f3 Re6 29. Rec2 Rae8 30. Bf2 Re2 31. b4 a6 32. a4 Rxc2 33. Rxc2 Rc8
34. Re2 Bxd4 35. b5 Bxf2+ 36. Kxf2 axb5 37. axb5 Ne5 38. f4 Nxg4+ 39. Kg3 Ne5
40. fxe5 dxe5 41. Nf6+ Ke6 42. Nxh7 f6 43. Rc2 f5 44. Ng5+ Kd5 45. Kf3 e4+ 46.
Ke3 Ra8 47. Rd2+ Ke5 48. Nf7+ Kf6 49. Nd8 Ra3+ 50. Ke2 f4 51. Nxb7 f3+ 52. Ke1
e3 53. Rd1 Ra2 54. Nc5 f2+ 0-1

[Event "España ch Universitario 2007"]
[Site "Cartagena ESP"]
[Date "2007.05.08"]
[Round "3.49"]
[White "Mengual Bolo, Carlos"]
[Black "Cordero Pedrosa, Elena"]
[Result "1-0"]
[WhiteElo "2145"]
[BlackElo "1872"]
[PlyCount "43"]
[EventDate "2007.05.06"]
[EventType "swiss"]
[EventRounds "9"]
[EventCountry "ESP"]
[Source "lmi"]
[SourceDate "2007.05.06"]

1. d4 g6 2. e4 Bg7 3. Bc4 c5 4. c3 cxd4 5. cxd4 Nc6 6. Nf3 Qb6 7. d5 Qb4+ 8.
Nbd2 Ne5 9. Nxe5 Bxe5 10. O-O Bg7 11. Qe2 d6 12. a3 Qb6 13. Bb5+ Bd7 14. Bxd7+
Kxd7 15. Nc4 Qa6 16. Be3 Nf6 17. f3 Rac8 18. Rac1 Nh5 19. b4 Rc7 20. b5 Qa4 21.
b6 axb6 22. Nxb6+ 1-0

[Event "España ch Universitario 2007"]
[Site "Cartagena ESP"]
[Date "2007.05.08"]
[Round "3.50"]
[White "Ausin Matilla, Daniel"]
[Black "Massanet Massanet, Sebastian"]
[Result "1/2-1/2"]
[WhiteElo "1942"]
[BlackElo "2140"]
[PlyCount "98"]
[EventDate "2007.05.06"]
[EventType "swiss"]
[EventRounds "9"]
[EventCountry "ESP"]
[Source "lmi"]
[SourceDate "2007.05.06"]

1. e4 e6 2. d4 d5 3. Nd2 Nf6 4. e5 Nfd7 5. Bd3 c5 6. c3 Nc6 7. Ngf3 Qb6 8. O-O
cxd4 9. cxd4 Nxd4 10. Nxd4 Qxd4 11. Nf3 Qb6 12. Qa4 Qb4 13. Qc2 Qc5 14. Qe2 Be7
15. Be3 Qa5 16. Rac1 O-O 17. Bd2 Qd8 18. Rc3 Nc5 19. Bxh7+ Kxh7 20. Ng5+ Kg8
21. Qh5 Bxg5 22. Bxg5 f6 23. Bxf6 Rxf6 24. exf6 Qxf6 25. Qe8+ Qf8 26. Qxf8+
Kxf8 27. Rxc5 Bd7 28. f4 Bc6 29. Re1 Ke7 30. b4 Kd6 31. Rec1 a6 32. a4 Bxa4 33.
Rc7 Bc6 34. Rxg7 Rf8 35. g3 d4 36. Kf2 e5 37. Rg6+ Kc7 38. h4 exf4 39. gxf4
Rxf4+ 40. Kg3 Rf3+ 41. Kg4 Rb3 42. Rc4 d3 43. Rd4 d2 44. Rxd2 Rxb4+ 45. Kg5
Rb5+ 46. Kh6 a5 47. Rg5 Rb4 48. h5 a4 49. Rg3 b5 1/2-1/2

[Event "España ch Universitario 2007"]
[Site "Cartagena ESP"]
[Date "2007.05.08"]
[Round "3.51"]
[White "Pita-Romero Rodriguez, Rafael"]
[Black "Garcia Gil, Jesus"]
[Result "1-0"]
[WhiteElo "2135"]
[BlackElo "1791"]
[PlyCount "65"]
[EventDate "2007.05.06"]
[EventType "swiss"]
[EventRounds "9"]
[EventCountry "ESP"]
[Source "lmi"]
[SourceDate "2007.05.06"]

1. e4 e6 2. d4 d5 3. Be3 Nf6 4. e5 Nfd7 5. f4 c5 6. c3 Nc6 7. Nf3 Qb6 8. Qd2
Be7 9. Bd3 O-O 10. O-O cxd4 11. cxd4 f6 12. Nc3 fxe5 13. fxe5 a6 14. Qc2 Ndxe5
15. Nxe5 Nxe5 16. Rxf8+ Bxf8 17. Na4 Qa7 18. Bxh7+ Kh8 19. Qf2 Ng4 20. Qh4 Nh6
21. Bg6 b5 22. Rf1 Qe7 23. Bg5 Qd6 24. Nc5 e5 25. Bxh6 gxh6 26. Rf6 Qe7 27. Bf7
Bf5 28. Ne6 Bh7 29. dxe5 Rc8 30. Qf4 Rc4 31. Qd2 Qa7+ 32. Kf1 Rc2 33. Qd4 1-0

[Event "España ch Universitario 2007"]
[Site "Cartagena ESP"]
[Date "2007.05.08"]
[Round "3.52"]
[White "Carreras Solana, Fernando"]
[Black "Minguito Llorente, Alberto"]
[Result "1-0"]
[WhiteElo "2132"]
[BlackElo "2053"]
[PlyCount "51"]
[EventDate "2007.05.06"]
[EventType "swiss"]
[EventRounds "9"]
[EventCountry "ESP"]
[Source "lmi"]
[SourceDate "2007.05.06"]

1. d4 Nf6 2. Nf3 b5 3. Bf4 Bb7 4. e3 b4 5. Nbd2 e6 6. h3 c5 7. Nc4 d5 8. Nce5
Nbd7 9. c3 bxc3 10. bxc3 Qa5 11. Rb1 Ba6 12. Bxa6 Qxa6 13. Qe2 c4 14. Nxd7 Nxd7
15. O-O Nf6 16. Qb2 Ba3 17. Qb8+ Rxb8 18. Rxb8+ Ke7 19. Rxh8 Bd6 20. Bxd6+ Qxd6
21. Rb1 Ne4 22. Rb7+ Kf6 23. Ne5 Ng5 24. h4 g6 25. hxg5+ Kf5 26. Rxf7+ 1-0

[Event "España ch Universitario 2007"]
[Site "Cartagena ESP"]
[Date "2007.05.08"]
[Round "3.53"]
[White "Pazos Porta, Antonio"]
[Black "Margalef Hernandez, Jesus"]
[Result "1-0"]
[WhiteElo "2129"]
[BlackElo "1931"]
[PlyCount "63"]
[EventDate "2007.05.06"]
[EventType "swiss"]
[EventRounds "9"]
[EventCountry "ESP"]
[Source "lmi"]
[SourceDate "2007.05.06"]

1. e4 d5 2. exd5 Nf6 3. d4 Nxd5 4. c4 Nb6 5. Nf3 Bg4 6. c5 N6d7 7. h3 Bh5 8.
Qb3 Qc8 9. g4 Bg6 10. Be3 e6 11. Nbd2 a5 12. Nh4 a4 13. Qc3 Nf6 14. Nxg6 hxg6
15. Bg2 Nbd7 16. c6 bxc6 17. Bxc6 Rb8 18. Rc1 Bd6 19. Bg5 Nxg4 20. hxg4 Rxh1+
21. Bxh1 Qa6 22. Bc6 Rb6 23. Qc4 Qa5 24. Be3 Rxb2 25. Qxa4 Qxa4 26. Bxa4 Rxa2
27. Bb3 Ra3 28. Rb1 Ke7 29. Ne4 Bb4+ 30. Ke2 Ra8 31. Kd3 Ba5 32. Ra1 1-0

[Event "España ch Universitario 2007"]
[Site "Cartagena ESP"]
[Date "2007.05.08"]
[Round "3.54"]
[White "Vilanova Corbi, Jorge"]
[Black "Canicio Navarro, Sonia"]
[Result "1-0"]
[WhiteElo "2125"]
[BlackElo "1895"]
[PlyCount "46"]
[EventDate "2007.05.06"]
[EventType "swiss"]
[EventRounds "9"]
[EventCountry "ESP"]
[Source "lmi"]
[SourceDate "2007.05.06"]

1. d4 e6 2. c4 d5 3. Nc3 Nf6 4. cxd5 exd5 5. Bg5 Be7 6. e3 c6 7. Qc2 Qd7 8. Nf3
Nh5 9. Bxe7 Qxe7 10. Nxd5 Qd6 11. Nc3 O-O 12. Bd3 g6 13. O-O Rd8 14. Rac1 Be6
15. Ne4 Qe7 16. Ne5 Nf6 17. Nc5 Nd5 18. a3 Nf6 19. Nxe6 Qxe6 20. Bc4 Qf5 21.
Qxf5 gxf5 22. Nxf7 Rf8 23. Nd6+ Kh8 1-0

[Event "España ch Universitario 2007"]
[Site "Cartagena ESP"]
[Date "2007.05.08"]
[Round "3.55"]
[White "Cruz Marques, Francisco Cesar"]
[Black "Gonzalez Diez, Ruben"]
[Result "1-0"]
[WhiteElo "1906"]
[BlackElo "2115"]
[PlyCount "81"]
[EventDate "2007.05.06"]
[EventType "swiss"]
[EventRounds "9"]
[EventCountry "ESP"]
[Source "lmi"]
[SourceDate "2007.05.06"]

1. e4 e6 2. d3 d5 3. Nd2 Nf6 4. Ngf3 c5 5. g3 Nc6 6. Bg2 Qc7 7. O-O Bd6 8. Re1
O-O 9. Qe2 Nd7 10. c3 b5 11. Nh4 dxe4 12. Nxe4 Be7 13. Bg5 Bb7 14. Qh5 Bxg5 15.
Nxg5 Nf6 16. Nxe6 fxe6 17. Qxc5 Qb6 18. Qxb6 axb6 19. Rxe6 Rac8 20. Nf5 Ne8 21.
Bxc6 Bxc6 22. Ne7+ Kf7 23. Rxc6 Rd8 24. Re1 Rxd3 25. Nf5 Rd2 26. Re7+ Kg8 27.
Rc8 Rxf5 28. Rexe8+ Kf7 29. Rf8+ Kg6 30. Rc6+ Rf6 31. Rfxf6+ gxf6 32. Rxb6 Rxb2
33. a4 Rb3 34. a5 Rxc3 35. g4 Ra3 36. a6 Ra4 37. h3 Ra3 38. Kg2 Kh6 39. f3 Ra4
40. Kg3 Kg7 41. h4 1-0

[Event "España ch Universitario 2007"]
[Site "Cartagena ESP"]
[Date "2007.05.08"]
[Round "3.61"]
[White "Castro Couceiro, Silvia"]
[Black "Garcia Tejera, Daniel"]
[Result "0-1"]
[WhiteElo "1873"]
[BlackElo "2089"]
[PlyCount "58"]
[EventDate "2007.05.06"]
[EventType "swiss"]
[EventRounds "9"]
[EventCountry "ESP"]
[Source "lmi"]
[SourceDate "2007.05.06"]

1. Nf3 c5 2. b3 d6 3. Bb2 e5 4. c4 g6 5. Nc3 Bg7 6. g3 Ne7 7. Bg2 Nbc6 8. e3 f5
9. d3 h6 10. Qd2 Be6 11. Ng1 O-O 12. Nge2 Qd7 13. f4 Rad8 14. O-O-O d5 15. Kb1
dxc4 16. Nc1 Nb4 17. d4 exd4 18. exd4 cxd4 19. N3e2 c3 20. Nxc3 dxc3 21. Bxc3
Qxd2 22. Bxd2 Nbc6 23. Rhe1 Bd5 24. Bf1 Be4+ 25. Rxe4 fxe4 26. Bc4+ Kh7 27. Kc2
Nd4+ 28. Kc3 Nf3+ 29. Kc2 Rxd2+ 0-1